000 00947nam a22002057a 4500
005 20250916111111.0
010 _aB-775255-269 20BACCHEN25
020 _a9789359547527
_c450.00
035 _aB-775255-269
037 _bScholastic India Pvt. Ltd.
082 _a591
100 _aLloyd, Christopher
_985084
245 _aHumanimal:
_cby Christopher Lloyd; Illustrated by Mark Ruffle
_bincredible ways animals are just like us /
260 _bScholastic India Pvt. Ltd.
_c2024
_aGurgaon
270 _aA-27, Ground Floor, Sigma Centre Infocity-1, Sector 34,
_bGurgaon
_e122001
300 _a47p.:
_c29cm(Pbk)
_billus.
700 _aRuffle, Mark
_978718
942 _2ddc
_cCH
_h591
_mLLO
999 _c209762
_d209762